Trilogía cósmica: esa horrible fortaleza 2 /

Guardado en:
Autor Principal: Lewis, Clive Staples
Formato: Libro
Publicado: Buenos Aires : Minotauro, 2008
Materias:
Etiquetas: Agregar Etiqueta
Sin Etiquetas, Sea el primero en etiquetar este registro!
LEADER 00685nam a22002295a 4500
001 CEM.cems014510
005 20141022171404.0
008 130507s2008##################000#0#####d
003 CEMS
020 |a 9789505471409 
082 0 4 |a 823.9 
100 1 |a Lewis, Clive Staples 
245 1 0 |a Trilogía cósmica: esa horrible fortaleza 2 /  |c Clive Staples Lewis 
260 |a Buenos Aires :  |b Minotauro,  |c 2008 
300 |a 288 p. 
500 |a Traducción de Elvio E. Gandolfo 
653 |a Literatura 
653 |a Literatura inglesa 
653 |a Novelas 
653 |a Novela fantástica 
653 |a Novela juvenil 
859 |a CEMS  |b BIB. CEMS - 11 de abril  |h 823.9  |i L587-1  |p 27062.14  |t Ej.1  |v 3-2  |3 3-2